000 00618nam a2200229Ia 4500
008 160819s9999 xx 000 0 und d
020 _a978-1-85626-622-2
050 _aCUL RM 237.7
050 _b.C37 2005
100 _aCarr, Tanya.
245 _aHealthy dairy-free eating /
245 _cTanya Carr, Mini C; photography by Martin Brigdale.
260 _aLondon :
260 _bKyle Cathie Limited,
260 _c2005
300 _a144 pages :
300 _bcolor illustrations ;
300 _c22 cm.
500 _aIncludes index.
650 _aDairy-free diet -- Recipes.
650 _xLow-fat diet.
999 _c300676
_d300676